000 00452nam a2200169Ia 4500
003 LK-CoDNM
008 010623t2011 xxu||||| |||| 00| 1 sin d
040 _aLK-CoDNM
_dLK-CoDNM
_eLK-CoDNM
041 _asin
080 _aX82.9 SOO
100 _aSooriyarachchi,Gamini
245 _aදිවි කෙතට කවි ගඟ
246 _aDivi kethata kavi gaga
260 _bAuthor
_aMahiyanganaya
_c2011
300 _bxvi,191, 21 cm
942 _cBK
999 _c131107
_d131107